Statistics for Ireland Fact Quiz

Click here to take the quiz!

General Stats

  • This quiz has been taken 17 times
  • The average score is 13 of 21

Answer Stats

HintAnswer% Correct
Capital cityDublin
100%
Official languageEnglish
100%
DenonymIrish
100%
Official languageIrish
100%
Bordering seaIrish Sea
100%
Bordering oceanAtlantic Ocean
94%
CurrencyEuro
94%
ContinentEurope
94%
Biggest countyCork
88%
2nd biggest cityCork
88%
Bordering countryUnited Kingdom
88%
Main religionRoman Catholic
82%
Biggest islandIreland
53%
Longest riverRiver Shannon
47%
National dishIrish stew
35%
Bordering seaCeltic Sea
18%
PresidentMichael D. Higgins
18%
Tallest mountainCarrauntoohil
12%
Biggest exportPharmaceuticals
12%
National dishBreakfast roll
6%
Biggest lakeLough Corrib
6%

Score Distribution

Percentile by Number Answered

Percent of People with Each Score

Your Score History

You have not taken this quiz